Central Library OPAC University of Rajshahi

Landscape from the Air : (Record no. 72388)

MARC details
000 -LEADER
fixed length control field 00713nam a2200217 a 4500
001 - CONTROL NUMBER
control field 72388
003 - CONTROL NUMBER IDENTIFIER
rucl marc code BD-RjUL
005 - DATE AND TIME OF LATEST TRANSACTION
control field 20211209082244.0
008 - FIXED-LENGTH DATA ELEMENTS--GENERAL INFORMATION
fixed length control field 170517s1965 e a|||| |||| 001 0 eng d
035 ## - SYSTEM CONTROL NUMBER
System control number (BD-RjUL)72605
040 ## - CATALOGING SOURCE
Original cataloging agency BD-RjUL
Language of cataloging eng
Transcribing agency BD-RjUL
Modifying agency BD-RjUL
041 ## - LANGUAGE CODE
Language code of text/sound track or separate title eng
082 ## - DEWEY DECIMAL CLASSIFICATION NUMBER
Edition number 23
Classification number 551.4
Author mark and year MOL 1965
100 ## - MAIN ENTRY--PERSONAL NAME
Personal name Monkhouse, Francis John
9 (RLIN) 155888
245 ## - TITLE STATEMENT
Title Landscape from the Air :
Remainder of title A Physical Geography in Oblique Air Photographs /
Statement of responsibility, etc. Francis John Monkhouse
260 ## - PUBLICATION, DISTRIBUTION, ETC. (IMPRINT)
Place of publication, distribution, etc. London :
Name of publisher, distributor, etc. Cambridge University Press,
Date of publication, distribution, etc. c1959 [Reprinted 1965]
300 ## - PHYSICAL DESCRIPTION
Pagination vii,52 p. :
Illustrations ill. ;
Size 22 cm.
500 ## - GENERAL NOTE
General note Includes Index.
650 ## - SUBJECT ADDED ENTRY--TOPICAL TERM
Topical term or geographic name as entry element Aerial photography in geomorphology
9 (RLIN) 214084
942 ## - ADDED ENTRY ELEMENTS (KOHA)
Source of classification or shelving scheme Dewey Decimal Classification
Koha item type Books
Holdings
Lost status Source of classification or shelving scheme Damaged status Not for loan Collection code Permanent Location Current Location Shelving location Date acquired Source of acquisition Cost, normal purchase price Total Checkouts Full call number Date last seen Copy number Koha item type
  Dewey Decimal Classification   Not For Loan Non-fiction Central Library, University of Rajshahi Central Library, University of Rajshahi Reading Room 30/08/1968 Zeitlinger 8.00   551.4 MOL 1965 17/05/2017 C-1 Books